00762 2200229 4500001002100000005001700021008004100038035002400079082001100103090002200114100001200136245013500148260002900283300004000312500007100352500003300423650002700456850001500483980001300498985000600511999001500517YOGYA-0209000003964120090227025508.0 ind  0010-020900000039641 a297.77 a297.77bJul SlSK aZULEKHA aStudi korelasi antara minat dengan sikap belajar pada mata pelajaran pendidikan agama Islam siswa MAN II Yogyakartacoleh Djulecha aYogyakartab[s.n.]c1993 axiii, 123, [28] lembarbilusc29 cm aSkripsi : Fakultas Tarbiyah Universitas Islam Indonesia Yogyakarta aBibliografi : lembar 122-123 aPendidikan Agama Islam aYOPDYOG(B) a01-02-08 a1 a07A0027942